000 00443nam a2200169Ia 4500
008 191130s2006##################000#0#eng##
020 _a9780071482608
040 _aACL
_cACL
082 _a795 CRA
100 _aCrane, Michael
245 _aBackgammon
_cMichael Crane
260 _aNew York
_bMcGraw-Hill
_c2006
300 _aix, 166 p. : ill. ; 20 cm
990 _a8daed30aac10000c259bb9dc74061f3b
991 _a329219
999 _c248075
_d248075